| 000 | 00373nam a2200145Ia 4500 | ||
|---|---|---|---|
| 008 | 240624s9999 xx 000 0 und d | ||
| 041 | _aeng | ||
| 082 | _a658.406 NAN | ||
| 100 | _aNANDESHWAR R L | ||
| 245 | _aCHANGE AND KNOWLEDGE MANAGEMENT | ||
| 250 | _a(2nd ed.) | ||
| 260 |
_c2010 _aNew Delhi _bExcel Books |
||
| 300 | _aviii, : 286 : p. : cm. ; 23 | ||
| 365 |
_cRS _b30 |
||
| 999 |
_c14702 _d14702 |
||